[Event "Florianopolis op 10th"]
[Site "Florianopolis"]
[Date "2024.01.24"]
[Round "6"]
[White "Diaz Villagran, Robert"]
[Black "Madeira, Wagner Martins"]
[Result "1-0"]
[WhiteElo "2268"]
[BlackElo "2122"]
[PlyCount "51"]
[EventDate "2024.01.20"]
[EventType "swiss"]
[EventRounds "10"]
[EventCountry "BRA"]
[SourceTitle "CB05_2024"]
[SourceDate "2024.01.31"]
[SourceVersion "1"]
[SourceVersionDate "2024.01.31"]
[SourceQuality "1"]

1. e4 c5 2. c3 e6 3. d4 d5 4. e5 Qb6 5. Nf3 Nc6 6. Bd3 cxd4 7. 0-0 Bd7 8. Re1 Rc8 9. Nbd2 Nge7 10. Nb3 dxc3 11. bxc3 Ng6 12. h4 Qc7 13. Qe2 Be7 14. h5 Nf8 15. Bd2 a6 16. a4 h6 17. Nfd4 Nh7 18. Nxc6 Bxc6 19. Qg4 Ng5 20. f4 Ne4 21. Bxe4 dxe4 22. Qxg7 Kd7 23. Be3 Bd5 24. Rad1 Qxc3 25. Nc5+ Bxc5 26. Rxd5+ 1-0

[Event "Florianopolis op 10th"]
[Site "Florianopolis"]
[Date "2024.01.22"]
[Round "3"]
[White "Dias, Marcelo de Souza"]
[Black "Diaz Villagran, Robert"]
[Result "0-1"]
[WhiteElo "1854"]
[BlackElo "2268"]
[PlyCount "52"]
[EventDate "2024.01.20"]
[EventType "swiss"]
[EventRounds "10"]
[EventCountry "BRA"]
[SourceTitle "CB05_2024"]
[SourceDate "2024.01.31"]
[SourceVersion "1"]
[SourceVersionDate "2024.01.31"]
[SourceQuality "1"]

1. d4 Nf6 2. Bf4 g6 3. Nc3 d5 4. Qd2 Bg7 5. Nf3 c6 6. h4 Bf5 7. Ne5 Nbd7 8. f3 h5 9. g3 Rc8 10. Bg2 b5 11. Nd1 Nb6 12. Nf2 Nfd7 13. b3 c5 14. e4 Be6 15. c3 b4 16. cxb4 cxd4 17. Qxd4 dxe4 18. Qxe4 Bf5 19. Qe3 Nd5 20. Qd4 Nxf4 21. gxf4 Qc7 22. Nfd3 Bxd3 23. Qxd3 Nxe5 24. fxe5 Qxe5+ 25. Kf2 Qb2+ 26. Qe2 Rc2 0-1

[Event "Florianopolis op 10th"]
[Site "Florianopolis"]
[Date "2024.01.20"]
[Round "1"]
[White "Pereira, Armando Scharlau"]
[Black "Diaz Villagran, Robert"]
[Result "0-1"]
[WhiteElo "1618"]
[BlackElo "2268"]
[PlyCount "38"]
[EventDate "2024.01.20"]
[EventType "swiss"]
[EventRounds "10"]
[EventCountry "BRA"]
[SourceTitle "CB05_2024"]
[SourceDate "2024.01.31"]
[SourceVersion "1"]
[SourceVersionDate "2024.01.31"]
[SourceQuality "1"]

1. d4 Nf6 2. Bg5 d5 3. Nf3 c6 4. e3 Qb6 5. Bd3 Qxb2 6. Nbd2 Nbd7 7. 0-0 e6 8. e4 dxe4 9. Bxf6 exd3 10. Nc4 Qxc2 11. Qxc2 dxc2 12. Bg5 Nb6 13. Ne3 f6 14. Bf4 Nd5 15. Nxd5 exd5 16. Rfe1+ Kf7 17. Re2 g5 18. Be3 Bf5 19. Ne1 Bb4 0-1

[Event "Philadelphia op 16th"]
[Site "Philadelphia"]
[Date "2023.06.27"]
[Round "7"]
[White "Diaz Villagran, Robert"]
[Black "Ansh, M Shah"]
[Result "1-0"]
[WhiteElo "2309"]
[BlackElo "2156"]
[PlyCount "105"]
[EventDate "2023.06.24"]
[EventType "swiss"]
[EventRounds "9"]
[EventCountry "USA"]
[SourceTitle "CBM 215 Extra"]
[Source "ChessBase"]
[SourceDate "2023.09.30"]
[SourceVersion "1"]
[SourceVersionDate "2023.09.30"]
[SourceQuality "1"]

1. e4 c6 2. Nf3 d5 3. d3 dxe4 4. dxe4 Qxd1+ 5. Kxd1 Nf6 6. Nfd2 h5 7. h4 Be6 8. f3 Nbd7 9. c3 g6 10. Kc2 Bh6 11. Bc4 Nf8 12. a4 N6d7 13. Na3 0-0-0 14. b4 Ne5 15. Bxe6+ Nxe6 16. Ndc4 Nxc4 17. Nxc4 Bxc1 18. Raxc1 f6 19. Rcf1 Rd7 20. Rd1 Rhd8 21. Rxd7 Rxd7 22. g4 Nf4 23. gxh5 Nxh5 24. e5 Nf4 25. exf6 exf6 26. Re1 Kc7 27. Re4 Nd5 28. b5 Rh7 29. bxc6 bxc6 30. Kd2 Rh5 31. Ne3 Kd6 32. Nxd5 Kxd5 33. Rg4 Rh6 34. Rd4+ Kc5 35. Ke3 a5 36. Kd3 Rh5 37. Rg4 Rh6 38. Rc4+ Kd5 39. Rd4+ Kc5 40. Rc4+ Kd6 41. Rd4+ Ke7 42. Re4+ Kd7 43. Rd4+ Kc7 44. Kc4 Kb6 45. Rf4 f5 46. Kd4 Rh8 47. Ke5 Rf8 48. Ke6 Rd8 49. Kf7 Rd6 50. Rd4 Rxd4 51. cxd4 c5 52. dxc5+ Kxc5 53. Kxg6 1-0

[Event "Titled Tuesday intern op 03rd Jan Early"]
[Site "Chess.com INT"]
[Date "2023.01.03"]
[Round "5"]
[White "Salimova, Nurgyul"]
[Black "Diaz Villagran, Robert"]
[Result "1-0"]
[WhiteElo "2387"]
[BlackElo "2315"]
[PlyCount "157"]
[EventDate "2023.01.03"]
[EventType "swiss (blitz)"]
[EventRounds "11"]
[EventCountry "USA"]
[SourceTitle "EXT 2024"]
[Source "ChessBase"]
[SourceDate "2023.10.10"]
[SourceVersion "1"]
[SourceVersionDate "2023.10.10"]
[SourceQuality "1"]

1. e4 e6 2. d4 d5 3. Nc3 Bb4 4. e5 Ne7 5. a3 Bxc3+ 6. bxc3 c5 7. Qg4 Kf8 8. a4 Qa5 9. Bd2 Qc7 10. Nf3 Nbc6 11. Bd3 h6 12. h4 c4 13. Be2 b6 14. h5 Bd7 15. Qf4 Ke8 16. g4 Rf8 17. g5 Nf5 18. Nh4 Nce7 19. gxh6 Nxh6 20. Rg1 Rg8 21. Bc1 Nef5 22. Nxf5 Nxf5 23. Bg4 g6 24. Bxf5 exf5 25. e6 Qxf4 26. exd7+ Kxd7 27. Bxf4 gxh5 28. Rxg8 Rxg8 29. Ke2 Rg4 30. Kf3 Ke6 31. Re1+ Kf6 32. Re5 h4 33. Rxd5 h3 34. Rd6+ Kg7 35. Be5+ Kh7 36. Rd8 f6 37. Bg3 Kg6 38. Rg8+ Kh5 39. Rh8+ Kg6 40. Rxh3 Re4 41. Rh1 a6 42. Rb1 Re6 43. d5 Re4 44. Rxb6 a5 45. Re6 Rg4 46. d6 Kf7 47. Re7+ Kf8 48. Re2 Rg7 49. Bf4 Rb7 50. Rd2 Rd7 51. Rd4 Kf7 52. Rxc4 Ke6 53. Rd4 Rd8 54. c4 Rc8 55. d7 Rd8 56. c5 Rxd7 57. Rxd7 Kxd7 58. Ke3 Kc6 59. Kd4 Kd7 60. Kd5 Ke7 61. Bd2 Kf7 62. Bxa5 Kg6 63. Bd2 Kh5 64. c6 Kg4 65. c7 Kf3 66. c8Q f4 67. Qf5 Kxf2 68. Qxf4+ Ke2 69. Qxf6 Kd1 70. c4 Kc2 71. c5 Kd1 72. c6 Ke2 73. c7 Kd1 74. c8Q Ke2 75. Qce6+ Kd1 76. Qf1+ Kc2 77. Qc6+ Kb2 78. Qcc1+ Kb3 79. Qfc4# 1-0

[Event "American Continental 16th"]
[Site "San Salvador"]
[Date "2022.05.06"]
[Round "6"]
[White "Diaz Villagran, Robert"]
[Black "Lorenzana, Wilson Estuardo"]
[Result "1/2-1/2"]
[WhiteElo "2347"]
[BlackElo "2170"]
[PlyCount "52"]
[EventDate "2022.05.02"]
[EventType "swiss"]
[EventRounds "11"]
[EventCountry "ESA"]
[SourceTitle "CBM 208 Extra"]
[Source "ChessBase"]
[SourceDate "2022.07.31"]
[SourceVersion "1"]
[SourceVersionDate "2022.07.31"]
[SourceQuality "1"]

1. e4 c5 2. c3 d5 3. exd5 Qxd5 4. d4 Nf6 5. Nf3 e6 6. Be2 Be7 7. 0-0 0-0 8. Be3 cxd4 9. cxd4 Nc6 10. Nc3 Qd6 11. Rc1 a6 12. Qd2 Nb4 13. Bf4 Qd8 14. Bg3 Nbd5 15. Bd3 b5 16. Ne5 Bb7 17. Rfe1 Bb4 18. Bb1 Ne7 19. Bh4 Ng6 20. Bxf6 gxf6 21. Nxg6 hxg6 22. Qh6 f5 23. Rxe6 Qxd4 24. Re3 Qg7 25. Qf4 Bc5 26. Rd3 Rac8 1/2-1/2

[Event "American Continental 16th"]
[Site "San Salvador"]
[Date "2022.05.03"]
[Round "3"]
[White "Swiercz, Dariusz"]
[Black "Diaz Villagran, Robert"]
[Result "1-0"]
[WhiteElo "2665"]
[BlackElo "2347"]
[PlyCount "89"]
[EventDate "2022.05.02"]
[EventType "swiss"]
[EventRounds "11"]
[EventCountry "ESA"]
[SourceTitle "CBM 208 Extra"]
[Source "ChessBase"]
[SourceDate "2022.07.31"]
[SourceVersion "1"]
[SourceVersionDate "2022.07.31"]
[SourceQuality "1"]

1. e4 e6 2. d4 d5 3. Nd2 Nf6 4. e5 Nfd7 5. c3 c5 6. f4 cxd4 7. cxd4 Nc6 8. Ndf3 Nb6 9. Bd3 Bd7 10. a3 a5 11. b3 a4 12. b4 Na7 13. Ne2 g6 14. Nc3 Bc6 15. Rb1 Be7 16. 0-0 Bd7 17. Rf2 Rc8 18. Bb2 Kf8 19. Nd2 h5 20. Qe2 Kg7 21. Rff1 Rc7 22. g3 Qb8 23. Rbc1 Rcc8 24. h3 Rcg8 25. Kh2 Qe8 26. Kg2 Bc6 27. Kf2 Bd8 28. Kg1 Bd7 29. Rfe1 Nbc8 30. Nf3 b5 31. Rc2 Nb6 32. Bc1 Bc6 33. Qf1 Qd7 34. Ree2 Qb7 35. g4 hxg4 36. hxg4 Nc4 37. Rh2 Kf8 38. Rh3 Bb6 39. Rch2 Rxh3 40. Qxh3 Qe7 41. Qh7 Bd7 42. f5 g5 43. f6 Qd8 44. Qh6+ Ke8 45. Qg7 1-0

[Event "CHI-ch"]
[Site "Las Condes"]
[Date "2022.02.27"]
[Round "11"]
[White "Lopez Silva, Hugo Andres"]
[Black "Diaz Villagran, Robert"]
[Result "1-0"]
[WhiteElo "2407"]
[BlackElo "2318"]
[PlyCount "81"]
[EventDate "2022.02.18"]
[EventType "tourn"]
[EventRounds "11"]
[EventCountry "CHI"]
[SourceTitle "CBM 207 Extra"]
[Source "ChessBase"]
[SourceDate "2022.05.31"]
[SourceVersion "1"]
[SourceVersionDate "2022.05.31"]
[SourceQuality "1"]

1. e4 c5 2. Nf3 d6 3. d4 cxd4 4. Nxd4 Nf6 5. Nc3 Nc6 6. f3 e5 7. Nb3 Be7 8. Be3 Be6 9. Qe2 0-0 10. 0-0-0 Qc7 11. Kb1 a6 12. g4 b5 13. g5 Nh5 14. Qd2 g6 15. Rc1 Qd8 16. Rg1 Kh8 17. Nd5 Bxd5 18. exd5 Nb8 19. c4 bxc4 20. Rxc4 f6 21. gxf6 Bxf6 22. Bd3 Qd7 23. Qc2 Ng7 24. Rc7 Qh3 25. Be4 a5 26. a3 a4 27. Nd2 Nf5 28. Bf2 Na6 29. Rc6 Qxh2 30. Nf1 Qh3 31. Qc4 Nb8 32. Rc7 Na6 33. Ra7 Rxa7 34. Bxa7 Nc5 35. Bxc5 Rc8 36. Qxa4 Rxc5 37. Qe8+ Kg7 38. Qd7+ Kh6 39. Ng3 Kg5 40. Nxf5+ Kf4 41. Rg4+ 1-0

[Event "CHI-ch"]
[Site "Las Condes"]
[Date "2022.02.22"]
[Round "6"]
[White "Aguirre Contreras, Cristian Rodrigo"]
[Black "Diaz Villagran, Robert"]
[Result "1/2-1/2"]
[WhiteElo "2261"]
[BlackElo "2318"]
[PlyCount "55"]
[EventDate "2022.02.18"]
[EventType "tourn"]
[EventRounds "11"]
[EventCountry "CHI"]
[SourceTitle "CBM 207 Extra"]
[Source "ChessBase"]
[SourceDate "2022.05.31"]
[SourceVersion "1"]
[SourceVersionDate "2022.05.31"]
[SourceQuality "1"]

1. d4 Nf6 2. c4 d6 3. Nc3 Nbd7 4. g3 e5 5. Bg2 Be7 6. Nf3 0-0 7. 0-0 c6 8. Qc2 Qc7 9. h3 Re8 10. b3 Nf8 11. e4 Ng6 12. d5 Bd7 13. Qd3 cxd5 14. Nxd5 Nxd5 15. Qxd5 h6 16. Ne1 a6 17. Nc2 b5 18. Ne3 Be6 19. Qd3 bxc4 20. bxc4 Rac8 21. Nd5 Qxc4 22. Nxe7+ Rxe7 23. Qxd6 Rd7 24. Qb6 Rc6 25. Qb8+ Rc8 26. Qb6 Rc6 27. Qb8+ Rc8 28. Qb6 1/2-1/2

[Event "CHI-ch"]
[Site "Las Condes"]
[Date "2022.02.19"]
[Round "2"]
[White "Bahamondes Ortiz, Benjamin"]
[Black "Diaz Villagran, Robert"]
[Result "0-1"]
[WhiteElo "2164"]
[BlackElo "2318"]
[PlyCount "76"]
[EventDate "2022.02.18"]
[EventType "tourn"]
[EventRounds "11"]
[EventCountry "CHI"]
[SourceTitle "CBM 207 Extra"]
[Source "ChessBase"]
[SourceDate "2022.05.31"]
[SourceVersion "1"]
[SourceVersionDate "2022.05.31"]
[SourceQuality "1"]

1. d4 Nf6 2. c4 g6 3. Nc3 Bg7 4. e4 d6 5. h3 0-0 6. Be3 Na6 7. Nf3 e5 8. d5 Nh5 9. g3 Qe8 10. Be2 f5 11. exf5 gxf5 12. Nh4 Nf6 13. Nf3 Bd7 14. Qd2 Nc5 15. 0-0-0 b6 16. Qc2 Na4 17. Nb5 Qd8 18. Qxa4 a6 19. Qb3 axb5 20. cxb5 Ne4 21. Nd2 Nc5 22. Bxc5 bxc5 23. Nc4 e4 24. Kb1 Qf6 25. Rd2 Rfb8 26. Ne3 Ra5 27. a4 Rba8 28. Bd1 Rxa4 29. Qxa4 Rxa4 30. Bxa4 Qd8 31. g4 f4 32. Nc4 Qa8 33. b3 Bxb5 34. Ra2 Bxc4 35. bxc4 Qa5 36. Bb5 Qb4+ 37. Kc2 Qc3+ 38. Kb1 Qb3+ 0-1

[Event "CHI-ch"]
[Site "Las Condes"]
[Date "2022.02.19"]
[Round "3"]
[White "Diaz Villagran, Robert"]
[Black "Barriga Silva, Felipe"]
[Result "1/2-1/2"]
[WhiteElo "2318"]
[BlackElo "2162"]
[PlyCount "93"]
[EventDate "2022.02.18"]
[EventType "tourn"]
[EventRounds "11"]
[EventCountry "CHI"]
[SourceTitle "CBM 207 Extra"]
[Source "ChessBase"]
[SourceDate "2022.05.31"]
[SourceVersion "1"]
[SourceVersionDate "2022.05.31"]
[SourceQuality "1"]

1. e4 c5 2. Nf3 d6 3. d3 g6 4. g3 Bg7 5. Bg2 Nc6 6. 0-0 e5 7. c3 Nge7 8. a3 a5 9. a4 0-0 10. Na3 h6 11. Nd2 d5 12. exd5 Nxd5 13. Nb5 Rb8 14. Re1 b6 15. Ne4 Be6 16. Ned6 Qd7 17. Qc2 Rfd8 18. f4 exf4 19. gxf4 Nce7 20. Qf2 Nc7 21. f5 Nxf5 22. Nxf5 Bxf5 23. Nxc7 Qxc7 24. Bf4 Qd7 25. Bxb8 Rxb8 26. Be4 Be6 27. Qf3 Rd8 28. Re3 h5 29. Qf4 Kh7 30. Rg3 Bh6 31. Qf6 Bg7 32. Qg5 Kg8 33. Re1 Rf8 34. Bf3 Qd8 35. Qxd8 Rxd8 36. Bc6 Bf6 37. Rf3 Bh4 38. Re4 Bg5 39. Rg3 Bf6 40. Bb5 Rd6 41. Bc4 Bf5 42. Rf4 h4 43. Re3 Kg7 44. Rf1 Bd7 45. Bb5 Be6 46. Bc4 Bd7 47. Bb5 1/2-1/2

[Event "Valdivia op 2nd"]
[Site "Valdivia"]
[Date "2021.09.19"]
[Round "6"]
[White "Diaz Villagran, Robert"]
[Black "Reyes Mendoza, Marcelo"]
[Result "1-0"]
[WhiteElo "2305"]
[BlackElo "1919"]
[PlyCount "93"]
[EventDate "2021.09.16"]
[EventType "swiss"]
[EventRounds "6"]
[EventCountry "CHI"]
[SourceTitle "CBM 204 Extra"]
[Source "ChessBase"]
[SourceDate "2021.11.30"]
[SourceVersion "1"]
[SourceVersionDate "2021.11.30"]
[SourceQuality "1"]

1. e4 e6 2. d3 d5 3. Nd2 c5 4. Ngf3 Nf6 5. g3 Nc6 6. Bg2 Bd6 7. 0-0 0-0 8. Re1 e5 9. h3 h6 10. Nh4 Be6 11. c3 Qd7 12. Kh2 dxe4 13. dxe4 Nh7 14. Nf1 Rad8 15. Ne3 Be7 16. Qxd7 Rxd7 17. Nhf5 Rfd8 18. Nd5 Bf8 19. g4 h5 20. Bf3 g6 21. Ng3 hxg4 22. hxg4 Ne7 23. c4 Nc6 24. Be3 Nd4 25. Bd1 b5 26. b3 Rb8 27. Nf1 f5 28. gxf5 gxf5 29. Nd2 Bd6 30. Rg1+ Kh8 31. Rg6 Bf7 32. Rh6 Kg7 33. Rxh7+ Kxh7 34. Nf6+ Kg7 35. Nxd7 Rd8 36. Bxd4 exd4+ 37. e5 Bc7 38. Nxc5 Bxe5+ 39. Kg2 Kf6 40. Nd3 Rg8+ 41. Kf1 Bh2 42. Rc1 Rg1+ 43. Ke2 Bh5+ 44. Nf3 bxc4 45. bxc4 Bc7 46. c5 Ke6 47. Bb3+ 1-0

[Event "Valdivia op 2nd"]
[Site "Valdivia"]
[Date "2021.09.18"]
[Round "3"]
[White "Ballesteros Cardenas, Leonardo"]
[Black "Diaz Villagran, Robert"]
[Result "0-1"]
[WhiteElo "1991"]
[BlackElo "2305"]
[PlyCount "110"]
[EventDate "2021.09.16"]
[EventType "swiss"]
[EventRounds "6"]
[EventCountry "CHI"]
[SourceTitle "CBM 204 Extra"]
[Source "ChessBase"]
[SourceDate "2021.11.30"]
[SourceVersion "1"]
[SourceVersionDate "2021.11.30"]
[SourceQuality "1"]

1. d4 Nf6 2. c4 e6 3. Nc3 Bb4 4. f3 c5 5. d5 b5 6. e4 0-0 7. Nge2 bxc4 8. Nf4 Ba6 9. Be2 e5 10. Nh3 Bxc3+ 11. bxc3 d6 12. 0-0 Qa5 13. Qc2 Nbd7 14. Bg5 Rab8 15. Nf2 Rb7 16. Rfb1 Rfb8 17. Nd1 h6 18. Bxf6 Nxf6 19. Rxb7 Rxb7 20. Ne3 Nd7 21. Bxc4 Bxc4 22. Nxc4 Qa6 23. Ne3 g6 24. a4 Kf8 25. h4 h5 26. Kh2 Ke7 27. Kg1 Qb6 28. Nc4 Qa6 29. Ne3 Rb8 30. Kh2 Rb7 31. Kg1 Kd8 32. Kh2 Kc7 33. Kg1 Qb6 34. Nc4 Qb3 35. Qd3 Rb8 36. Kh2 f5 37. Nd2 Qb2 38. Rb1 Qa2 39. Rxb8 Nxb8 40. exf5 gxf5 41. c4 Nd7 42. Nb1 e4 43. fxe4 Ne5 44. Qf1 fxe4 45. Nc3 Qc2 46. Nb5+ Kb6 47. a5+ Kxa5 48. Qa1+ Kb4 49. Nxd6 Ng4+ 50. Kh1 e3 51. Qe1+ Kb3 52. Nb7 e2 53. Nxc5+ Kxc4 54. Nd7 Qd1 55. Ne5+ Nxe5 0-1

[Event "Valdivia op 2nd"]
[Site "Valdivia"]
[Date "2021.09.17"]
[Round "1"]
[White "Palma Munoz, Oscar"]
[Black "Diaz Villagran, Robert"]
[Result "0-1"]
[WhiteElo "1650"]
[BlackElo "2305"]
[PlyCount "96"]
[EventDate "2021.09.16"]
[EventType "swiss"]
[EventRounds "6"]
[EventCountry "CHI"]
[SourceTitle "CBM 204 Extra"]
[Source "ChessBase"]
[SourceDate "2021.11.30"]
[SourceVersion "1"]
[SourceVersionDate "2021.11.30"]
[SourceQuality "1"]

1. d4 Nf6 2. c4 d6 3. Nc3 Nbd7 4. Nf3 e5 5. g3 c6 6. Qc2 Be7 7. Bd2 0-0 8. e4 Re8 9. d5 a6 10. Bh3 cxd5 11. cxd5 Nc5 12. Bg2 b5 13. b4 Na4 14. Nxa4 bxa4 15. 0-0 Bd7 16. Rac1 Qb6 17. Qb1 Bb5 18. Be3 Qb7 19. Rfe1 Ng4 20. Bh3 Nxe3 21. Rxe3 Bd8 22. Rec3 Bb6 23. Qc2 Qe7 24. Nd2 Bd4 25. Rc7 Qf6 26. Nc4 Red8 27. Rb7 Rab8 28. Na5 Rxb7 29. Nxb7 Rf8 30. Qd2 h5 31. Bf1 Bxf1 32. Rxf1 Rc8 33. Qe2 h4 34. Kg2 Rc3 35. Qg4 Rc2 36. Qf5 Qxf5 37. exf5 Rxa2 38. Nxd6 Rb2 39. Nc4 Rxb4 40. d6 Kf8 41. Rc1 Ke8 42. Kf3 hxg3 43. fxg3 a3 44. Nxa3 Rb3+ 45. Ke4 Rxa3 46. Kd5 Ra5+ 47. Kc6 Kd8 48. Rb1 Rc5+ 0-1

[Event "Titled Tuesday intern op 02nd Feb"]
[Site "Chess.com INT"]
[Date "2021.02.02"]
[Round "3"]
[White "Akhvlediani, Irakli"]
[Black "Diaz Villagran, Robert"]
[Result "1-0"]
[WhiteElo "2355"]
[BlackElo "2305"]
[PlyCount "101"]
[EventDate "2021.02.02"]
[EventType "swiss (blitz)"]
[EventRounds "11"]
[EventCountry "USA"]
[SourceTitle "CBM 200 Extra"]
[Source "ChessBase"]
[SourceDate "2021.03.31"]
[SourceVersion "1"]
[SourceVersionDate "2021.03.31"]
[SourceQuality "1"]

1. Nf3 Nf6 2. c4 g6 3. Nc3 Bg7 4. h4 d6 5. d3 Nc6 6. Bg5 h6 7. Bd2 e5 8. g3 a5 9. Bg2 Be6 10. a3 Qe7 11. Rb1 d5 12. cxd5 Nxd5 13. Nxe5 Nxe5 14. Nxd5 Bxd5 15. Bxd5 Nxd3+ 16. Kf1 c6 17. exd3 cxd5 18. Qa4+ Kf8 19. Bb4 axb4 20. Qxa8+ Qe8 21. Qxe8+ Kxe8 22. axb4 Kd7 23. Kg2 Ra8 24. Rhc1 Ra4 25. Rc5 Kd6 26. Rc8 Rxb4 27. Rd8+ Kc7 28. Rxd5 Rxb2 29. Rxb2 Bxb2 30. Rb5 Bd4 31. Kf3 Kc6 32. Rb4 Be5 33. Ke4 Bd6 34. Rb2 b5 35. g4 b4 36. h5 Be7 37. hxg6 fxg6 38. f4 h5 39. gxh5 gxh5 40. f5 Kb5 41. Ke5 Ka4 42. f6 Bf8 43. Rh2 b3 44. Rxh5 b2 45. Rh1 Kb3 46. d4 Bh6 47. f7 Bf8 48. d5 Ka2 49. d6 b1Q 50. Rxb1 Kxb1 51. d7 1-0

[Event "Titled Tuesday intern op 02nd Feb"]
[Site "Chess.com INT"]
[Date "2021.02.02"]
[Round "4"]
[White "Diaz Villagran, Robert"]
[Black "Veiga, Emerson de Sousa"]
[Result "0-1"]
[WhiteElo "2305"]
[BlackElo "2106"]
[PlyCount "90"]
[EventDate "2021.02.02"]
[EventType "swiss (blitz)"]
[EventRounds "11"]
[EventCountry "USA"]
[SourceTitle "CBM 200 Extra"]
[Source "ChessBase"]
[SourceDate "2021.03.31"]
[SourceVersion "1"]
[SourceVersionDate "2021.03.31"]
[SourceQuality "1"]

1. e4 c5 2. c3 Nf6 3. e5 Nd5 4. d4 cxd4 5. Nf3 Nc6 6. Bc4 Nb6 7. Bb3 d5 8. exd6 Qxd6 9. 0-0 d3 10. Na3 a6 11. Re1 Bf5 12. Be3 Na5 13. Nd4 Bg6 14. Qf3 Nxb3 15. Nxb3 Qc7 16. h4 f6 17. Na5 Rb8 18. Bxb6 Qxb6 19. N3c4 Qc7 20. Nxb7 Rxb7 21. Qxb7 Qxc4 22. b3 Qxc3 23. Rec1 Qe5 24. Rc8+ Kf7 25. Rf1 Bf5 26. Ra8 Be4 27. Qxa6 Bxa8 28. Qxa8 g5 29. Qa6 gxh4 30. Qxd3 Rg8 31. Qc4+ Qe6 32. Qxh4 h6 33. Qh5+ Rg6 34. Rd1 Kg7 35. Qf3 Qg4 36. Qxg4 Rxg4 37. Rd3 e5 38. f3 Rd4 39. Rxd4 exd4 40. Kf1 f5 41. Ke2 Kf6 42. f4 Ke6 43. Kd3 Kd5 44. a4 Bb4 45. g3 h5 0-1

[Event "Titled Tuesday intern op 02nd Feb"]
[Site "Chess.com INT"]
[Date "2021.02.02"]
[Round "2"]
[White "Grigoriants, Sergey"]
[Black "Diaz Villagran, Robert"]
[Result "1/2-1/2"]
[WhiteElo "2546"]
[BlackElo "2305"]
[PlyCount "50"]
[EventDate "2021.02.02"]
[EventType "swiss (blitz)"]
[EventRounds "11"]
[EventCountry "USA"]
[SourceTitle "CBM 200 Extra"]
[Source "ChessBase"]
[SourceDate "2021.03.31"]
[SourceVersion "1"]
[SourceVersionDate "2021.03.31"]
[SourceQuality "1"]

1. e4 e6 2. d4 d5 3. Nc3 Bb4 4. e5 Ne7 5. a3 Bxc3+ 6. bxc3 c5 7. h4 Qa5 8. Bd2 Qa4 9. h5 h6 10. Nf3 cxd4 11. cxd4 b6 12. Bb4 Ba6 13. Bxa6 Nxa6 14. Bxe7 Kxe7 15. 0-0 Rhc8 16. Qd3 Nc7 17. Rab1 Ne8 18. Rfc1 Rc4 19. Kh2 Rac8 20. c3 Qa5 21. Rb3 Qa4 22. Rcb1 Qc6 23. Rc1 Qa4 24. Rcb1 Qc6 25. Rc1 Qa4 1/2-1/2

[Event "Titled Tuesday intern op 02nd Feb"]
[Site "Chess.com INT"]
[Date "2021.02.02"]
[Round "11"]
[White "Postny, Evgeny"]
[Black "Diaz Villagran, Robert"]
[Result "1-0"]
[WhiteElo "2605"]
[BlackElo "2305"]
[PlyCount "83"]
[EventDate "2021.02.02"]
[EventType "swiss (blitz)"]
[EventRounds "11"]
[EventCountry "USA"]
[SourceTitle "CBM 200 Extra"]
[Source "ChessBase"]
[SourceDate "2021.03.31"]
[SourceVersion "1"]
[SourceVersionDate "2021.03.31"]
[SourceQuality "1"]

1. e4 e6 2. d4 d5 3. Nc3 Bb4 4. e5 Ne7 5. a3 Bxc3+ 6. bxc3 c5 7. Qg4 Kf8 8. h4 Qa5 9. Bd2 Qa4 10. Nf3 b6 11. h5 h6 12. Ra2 Nbc6 13. Bd3 Ba6 14. 0-0 Bxd3 15. cxd3 c4 16. dxc4 Qxc4 17. Rb2 Nf5 18. Qf4 Qd3 19. g4 Nfe7 20. Re1 Na5 21. Re3 Qa6 22. Re1 Qd3 23. Ra2 Nc4 24. Kg2 Ke8 25. a4 Kd7 26. Bc1 Raf8 27. Be3 f6 28. exf6 Rxf6 29. Ne5+ Nxe5 30. Qxe5 Nc6 31. Qg3 Rhf8 32. Rd2 Qe4+ 33. Kg1 Rf3 34. Qg2 Na5 35. Rde2 Qd3 36. Bxh6 gxh6 37. Rxe6 Rxf2 38. Qxd5+ Kc8 39. Re8+ Rxe8 40. Rxe8+ Kc7 41. Re7+ Kc8 42. Qa8# 1-0

[Event "Titled Tuesday intern op 02nd Feb"]
[Site "Chess.com INT"]
[Date "2021.02.02"]
[Round "8"]
[White "Visakh, Narayanan Rajeswari"]
[Black "Diaz Villagran, Robert"]
[Result "1-0"]
[WhiteElo "2516"]
[BlackElo "2305"]
[PlyCount "88"]
[EventDate "2021.02.02"]
[EventType "swiss (blitz)"]
[EventRounds "11"]
[EventCountry "USA"]
[SourceTitle "CBM 200 Extra"]
[Source "ChessBase"]
[SourceDate "2021.03.31"]
[SourceVersion "1"]
[SourceVersionDate "2021.03.31"]
[SourceQuality "1"]

1. c4 Nf6 2. g3 g6 3. Bg2 Bg7 4. Nf3 0-0 5. 0-0 d6 6. Nc3 c6 7. b4 d5 8. Qb3 dxc4 9. Qxc4 Be6 10. Qh4 Nbd7 11. Ng5 Bd5 12. Nxd5 cxd5 13. Bb2 h6 14. Nf3 e6 15. Rab1 Ne4 16. Qxd8 Rfxd8 17. Bxg7 Kxg7 18. d3 Nd6 19. Rfc1 Rac8 20. Nd4 Kf6 21. f4 Ke7 22. Nb3 Rxc1+ 23. Rxc1 Rc8 24. Rxc8 Nxc8 25. e4 dxe4 26. Bxe4 Nd6 27. Bf3 b6 28. Kf2 h5 29. Nd4 Nb8 30. a4 Ne8 31. Nb5 a5 32. bxa5 bxa5 33. Na3 Nc7 34. Nc4 Nca6 35. d4 Nb4 36. Nxa5 Nd7 37. Nc6+ Nxc6 38. Bxc6 Nb8 39. Bb5 Kd6 40. Ke3 f6 41. Ke4 f5+ 42. Kd3 Kd5 43. a5 Nc6 44. Bxc6+ Kxc6 1-0